| 000 -LEADER |
| fixed length control field |
02162cam a2200457 a 4500 |
| 001 - CONTROL NUMBER |
| control field |
10667967 |
| 003 - CONTROL NUMBER IDENTIFIER |
| control field |
USPCAS-E |
| 005 - DATE AND TIME OF LATEST TRANSACTION |
| control field |
20180118181423.0 |
| 006 - FIXED-LENGTH DATA ELEMENTS--ADDITIONAL MATERIAL CHARACTERISTICS |
| fixed length control field |
m d |
| 007 - PHYSICAL DESCRIPTION FIXED FIELD--GENERAL INFORMATION |
| fixed length control field |
cr n |
| 008 - FIXED-LENGTH DATA ELEMENTS--GENERAL INFORMATION |
| fixed length control field |
090730s2010 nyuab sb 001 0 eng d |
| 020 ## - INTERNATIONAL STANDARD BOOK NUMBER |
| International Standard Book Number |
9780071621472 |
| 020 ## - INTERNATIONAL STANDARD BOOK NUMBER |
| International Standard Book Number |
0071621474 |
| 035 ## - SYSTEM CONTROL NUMBER |
| System control number |
(WaSeSS)ssj0000101589 |
| 040 ## - CATALOGING SOURCE |
| Original cataloging agency |
DLC |
| Transcribing agency |
DLC |
| Modifying agency |
BTCTA |
| -- |
C#P |
| -- |
BWX |
| -- |
YDXCP |
| -- |
OKU |
| -- |
SINLB |
| -- |
CDX |
| -- |
DLC |
| -- |
WaSeSS |
| 050 #4 - LIBRARY OF CONGRESS CALL NUMBER |
| Classification number |
TK1005 |
| Item number |
.G469 2010 |
| 082 00 - DEWEY DECIMAL CLASSIFICATION NUMBER |
| Classification number |
720.472 |
| Edition number |
22 |
| Author Mark |
GEV-A 2010 |
| 100 1# - MAIN ENTRY--PERSONAL NAME |
| Personal name |
Gevorkian, Peter. |
| 210 10 - ABBREVIATED TITLE |
| Abbreviated title |
Alternative energy systems in building design |
| 245 10 - TITLE STATEMENT |
| Title |
Alternative energy systems in building design |
| Statement of responsibility, etc. |
Peter Gevorkian. |
| 260 ## - PUBLICATION, DISTRIBUTION, ETC. |
| Place of publication, distribution, etc. |
New York : |
| Name of publisher, distributor, etc. |
McGraw-Hill, |
| Date of publication, distribution, etc. |
c2010. |
| 490 1# - SERIES STATEMENT |
| Series statement |
McGraw-Hill's GreenSource series |
| 500 ## - GENERAL NOTE |
| General note |
"A GreenSource book"--Cover. |
| 502 ## - DISSERTATION NOTE |
| Dissertation note |
. |
| 504 ## - BIBLIOGRAPHY, ETC. NOTE |
| Bibliography, etc. note |
Includes bibliographical references (p. 503-504) and index. |
| 505 0# - FORMATTED CONTENTS NOTE |
| Formatted contents note |
Global warming : climatic and atmospheric changes -- Energy systems -- Solar power system physics and technologies -- California solar initiative program -- Energy conservation -- Passive solar heating technologies -- Fuel cell technology -- Wind energy technologies -- Ocean energy technologies -- Hydroelectric and micro-hydro turbine power -- Geothermal energy -- Biofuel, biogas, and thermal depolymerization technologies -- Fission- and fusion-type nuclear power -- Air pollution abatement -- Carbon dioxide sequestration and carbon trading economics. |
| 506 ## - RESTRICTIONS ON ACCESS NOTE |
| Terms governing access |
License restrictions may limit access. |
| 650 #0 - SUBJECT ADDED ENTRY--TOPICAL TERM |
| Topical term or geographic name entry element |
Electric power systems. |
| 650 #0 - SUBJECT ADDED ENTRY--TOPICAL TERM |
| Topical term or geographic name entry element |
Small power production facilities. |
| 650 #0 - SUBJECT ADDED ENTRY--TOPICAL TERM |
| Topical term or geographic name entry element |
Sustainable buildings. |
| 650 #0 - SUBJECT ADDED ENTRY--TOPICAL TERM |
| Topical term or geographic name entry element |
Building-integrated photovoltaic systems. |
| 650 #0 - SUBJECT ADDED ENTRY--TOPICAL TERM |
| Topical term or geographic name entry element |
Renewable energy sources. |
| 650 #0 - SUBJECT ADDED ENTRY--TOPICAL TERM |
| Topical term or geographic name entry element |
Wind power plants. |
| 650 #0 - SUBJECT ADDED ENTRY--TOPICAL TERM |
| Topical term or geographic name entry element |
Hydroelectric power plants. |
| 650 #0 - SUBJECT ADDED ENTRY--TOPICAL TERM |
| Topical term or geographic name entry element |
Architecture and energy conservation. |
| 773 #0 - HOST ITEM ENTRY |
| Title |
AccessEngineering |
| 830 #0 - SERIES ADDED ENTRY--UNIFORM TITLE |
| Uniform title |
McGraw-Hill's GreenSource series. |
| 856 40 - ELECTRONIC LOCATION AND ACCESS |
| Uniform Resource Identifier |
<a href="http://www.columbia.edu/cgi-bin/cul/resolve?clio10667967">http://www.columbia.edu/cgi-bin/cul/resolve?clio10667967</a> |
| Public note |
Full text available from AccessEngineering |
| 910 ## - USER-OPTION DATA (OCLC) |
| User-option data |
Library of Congress record |
| 942 ## - ADDED ENTRY ELEMENTS (KOHA) |
| Source of classification or shelving scheme |
|
| Koha item type |
Book |